| 000 | 00835nam a2200313Ia 4500 | ||
|---|---|---|---|
| 008 | 160803s9999 xx 000 0 und d | ||
| 020 | _a978-0439841207 | ||
| 100 | _aStilton, Geronimo | ||
| 245 | _aDown and out down under / | ||
| 245 | _ctext by Geronimo Stilton. | ||
| 260 | _aNew York : | ||
| 260 | _bScholastic Inc. | ||
| 260 | _c2006 | ||
| 300 | _a105 pages : | ||
| 300 | _bcolor illustrations, color maps ; | ||
| 300 | _c20 cm. | ||
| 440 | _aGeronimo Stilton ; | ||
| 440 | _vbk. 29 | ||
| 650 | _aAdventure stories. | ||
| 650 | _aAustralia -- | ||
| 650 | _aMice -- | ||
| 650 | _aStilton, Geronimo -- | ||
| 650 | _aStilton, Geronimo (Fictitious character) -- | ||
| 650 | _xFiction. | ||
| 650 | _xJuvenile fiction. | ||
| 650 | _xJuvenile fiction. | ||
| 650 | _xJuvenile fiction. | ||
| 700 | _a580 | ||
| 999 |
_c298263 _d298263 |
||